| 000 | 00794nam a2200229 i 4500 | ||
|---|---|---|---|
| 001 | 114917 | ||
| 003 | ES-MaACL | ||
| 005 | 20250903025949.0 | ||
| 007 | t| | ||
| 008 | 070212s1946 sp ||||1| spa d | ||
| 080 | _a511.332 | ||
| 100 | 1 |
_aBéjar Alamo, Juan. _927086 |
|
| 245 | 1 | 0 |
_aFunciones definidas por series de Dirichlet con exponentes complejos / _cJuan Béjar Alamo. |
| 260 |
_aMadrid : _bConsejo Superior de Investigaciones Científicas, _c1946. |
||
| 300 |
_a121 p. ; _c24 cm. |
||
| 490 | 1 |
_aMemorias de matemáticas del Instituto "Jorge Juan" ; _v2 |
|
| 650 | 1 | 4 |
_aDirichlet, Series de. _911930 |
| 830 | 0 | 0 |
_aMemorias de matemáticas del Instituto "Jorge Juan" _v2 _9185834 |
| 852 |
_aES-MaACL _jE-4502 |
||
| 852 |
_aES-MaACL _jC-17687 _bR.43719 |
||
| 999 |
_c114917 _d114917 |
||